Κατάλογος Βιβλιοθηκών Mediterranean College

Managerial Accounting / Ninth Edition (Record no. 5734)

MARC details
000 -LEADER
fixed length control field 01985cam a22002414a 4500
005 - ΗΜΕΡΟΜΗΝΙΑ ΚΑΙ ΩΡΑ ΤΕΛΕΥΤΑΙΑΣ ΕΝΗΜΕΡΩΣΗΣ
Πεδίο ελέγχου 20250605164220.0
008 - FIXED-LENGTH DATA ELEMENTS--GENERAL INFORMATION
Πεδίο ελέγχου σταθερού μήκους 250528s ||||||||||||||||||||||||d
035 ## - SYSTEM CONTROL NUMBER
System control number 20645
020 ## - ISBN
ISBN 032401208X
040 ## - ΠΗΓΗ ΚΑΤΑΛΟΓΟΓΡΑΦΗΣΗΣ
Φορέας πρωτότυπης καταλογογράφησης MC Athens Campus Library
Γλώσσα καταλογογράφησης Ελληνικά, Μοντέρνα (1453-)
Modifying agency MC Athens Campus Library
Κανόνες περιγραφικής καταλογογράφησης AACR2
245 1# - ΤΙΤΛΟΣ ΚΑΙ ΔΗΛΩΣΗ ΥΠΕΥΘΥΝΟΤΗΤΑΣ
Τίτλος Managerial Accounting / Ninth Edition
250 ## - EDITION STATEMENT
Edition statement 9th
260 ## - PUBLICATION, DISTRIBUTION, ETC.
Name of publisher, distributor, etc. South-Western Publishing Co,
Date of publication, distribution, etc. 1999
300 ## - PHYSICAL DESCRIPTION
Extent 896
505 0# - FORMATTED CONTENTS NOTE
Formatted contents note Introduction, Cost-Volume Profit Analysis and Decision Making, Profit Planning, Cost Analysis, Activity-Based Costing and Management, Short-Term Decisions and Accounting Information, Budgeting, Operational Budgeting, Financial Budgeting, Capital Budgeting Decisions, Control and Performance Evaluation, Responsibility Accounting, Divisional Performance Measurement, Control and Evaluation of Cost Centres, Product Costing, Introduction to Product Costing, Standard Costing and Variable Costing, Process Costing and the Cost Accounting Cycle, Special Topics, Quality Costs and Theory of Constraints and Learning Curves, Statement of Cash Flows, Analyzing Financial Statements, Appendices, Index.
520 ## - SUMMARY, ETC.
Summary, etc. Introduction, Cost-Volume Profit Analysis and Decision Making, Profit Planning, Cost Analysis, Activity-Based Costing and Management, Short-Term Decisions and Accounting Information, Budgeting, Operational Budgeting, Financial Budgeting, Capital Budgeting Decisions, Control and Performance Evaluation, Responsibility Accounting, Divisional Performance Measurement, Control and Evaluation of Cost Centres, Product Costing, Introduction to Product Costing, Standard Costing and Variable Costing, Process Costing and the Cost Accounting Cycle, Special Topics, Quality Costs and Theory of Constraints and Learning Curves, Statement of Cash Flows, Analyzing Financial Statements, Appendices, Index.
700 1# - ΠΡΟΣΘΕΤΗ ΑΝΑΓΡΑΦΗ--ΦΥΣΙΚΟ ΠΡΟΣΩΠΟ
Personal name Dominiak Geraldine F
9 (RLIN) 2369
700 1# - ΠΡΟΣΘΕΤΗ ΑΝΑΓΡΑΦΗ--ΦΥΣΙΚΟ ΠΡΟΣΩΠΟ
Personal name Holmen Jay S
9 (RLIN) 6607
700 1# - ΠΡΟΣΘΕΤΗ ΑΝΑΓΡΑΦΗ--ΦΥΣΙΚΟ ΠΡΟΣΩΠΟ
Personal name Louderback Joseph G.
9 (RLIN) 2370
942 ## - ADDED ENTRY ELEMENTS (KOHA)
Koha item type Books
Holdings
Τύπος τεκμηρίου Βιβλιοθήκη Τρέχουσα τοποθεσία Barcode Αριθμός εισαγωγής Ημερομηνία απόκτησης Ταξιθετικό σύμβολο Αριθμός αντιτύπου Κατάσταση απόσυρσης Κατάσταση χαμένου Κατάσταση κατεστραμμένου Μη δανεισμός Σύνολο δανεισμών Ημερομηνία τελευταίας εμφάνισης Η τιμή ισχύει από
Books MC Athens Campus Library MC Athens Campus Library 9780000057334 7242 05/06/2025 658.15 LOU 1           05/06/2025 05/06/2025

MC Athens Campus Library
Πατησίων 94 & Κοδριγκτώνος 13, 104 34
Πελλήνης 8 & Πατησίων 107, 112 51
Τ: +30 210 8899600

MC Thessaloniki Campus Library
Ίωνος Δραγούμη 21, 54625 | Ίωνος Δραγούμη 15, 54625
Τ: +30 2310 287779 – Τ: +30 2314 440300